000 00907nam a2200253 a 4500
001 000017626
005 20240307173900.0
008 100329s1984 dr 000 0 spa d
040 _aDO-SdBNP
_bspa
_cBNPHU
082 _axxx
_bM489c
245 0 0 _aMedicina y criticidad /
_cGuarocuya Batista del Villar... [et al.].
260 _aSanto Domingo :
_bUASD,
_c1984.
300 _a26 p. ;
_c21 cm.
490 1 _aPublicaciones de la Universidad Autónoma de Santo Domingo
_v347
490 1 _aSalud y sociedad
_v3
500 _aIncluye notas al pie de páginas
700 1 _aMella Mejías, César
_d1950-
_9210
700 1 _aEstévez Rochet, Rafael
_97182
700 1 _aCorporán Gómez, Ricardo
_938434
710 1 _aUniversidad Autónoma de Santo Domingo
_972951
830 0 _aPublicaciones de la Universidad Autónoma de Santo Domingo
_n347
_938435
830 0 _aSalud y sociedad
_n3
_938436
049 _aBNPD
999 _c17151
_d17151